000 00553nam a22001817a 4500
008 160218b xxu||||| |||| 00| 0 eng d
020 _a9789712354885
082 _22010
_aDFil 332
_bP14
100 _93032
_aPagoso, Cristobal M.
245 _aMoney, credit and banking/
_cCristobal M. Pagoso
260 _aManila, Philippines:
_bRex Book Store,
_cc2010.
300 _aviii, 263 pages:
_billustrations;
_c25 cm.
650 0 _93033
_aFinance
650 0 _93034
_aFinancial economics
650 0 _93035
_aMoney
365 _b638.00
_cPhp.
942 _2ddc
_cDFIL
999 _c1098
_d1098